Statistics for NFL Team Sack Leaders

Click here to take the quiz!

General Stats

  • This quiz has been taken 27 times
  • The average score is 16 of 32

Answer Stats

SacksTeamPlayer% Correct
101*TexansJJ Watt
96%
171BillsBruce Smith
88%
131DolphinsJason Taylor
88%
106*BroncosVon Miller
88%
124EaglesReggie White
85%
132.5*RavensTerrell Suggs
85%
141.5GiantsMichael Strahan
81%
97.5SeahawksJacob Green
65%
126.5ChiefsDerrick Thomas
62%
124.5BearsRichard Dent
62%
117CowboysDeMarcus Ware
58%
114VikingsJohn Randle
58%
80.5SteelersJames Harrison
54%
97PanthersJulius Peppers
54%
83.5*PackersClay Matthews III
50%
62BrownsClay Matthews Jr.
50%
77BuccaneersWarren Sapp
50%
115SaintsRickey Jackson
46%
123ColtsRobert Mathis
46%
95.5*Football TeamRyan Kerrigan
46%
89.549ersBryant Young
42%
74JetsMark Gastineau
35%
82.5*BengalsCarlos Dunlap
31%
68.5FalconsJohn Abraham
31%
105.5ChargersLeslie O'Neal
31%
100PatriotsAndre Tippett
27%
95.5LionsRobert Porcher
27%
107.5RaidersGreg Townsend
15%
55JaguarsTony Brackens
15%
87.5RamsLeonard Little
12%
75.5TitansRay Childress
12%
66.5CardinalsFreddie Joe Nunn
8%

Score Distribution

Percentile by Number Answered

Percent of People with Each Score

Your Score History

You have not taken this quiz